000 00343 a2200109 4500
001 ART_11032
005 20260410161849.0
008 260409a
245 1 0 _aPerspectivas de los mercados laborales y el objetivo de pleno empleo
100 1 _aMontuschi, Luisa
773 0 _tEconómica
_g- Año XL, Nº 2 (jun. 1994)
_wREV7541
999 _c24875
_d24875